000 00927cab a2200277 4500
001 ABS48952
008 090401t1993 xxu||||| |||| 00| 0 eng d
035 _a(Sirsi) u69228
041 _aeng
100 _aJones, A
245 _aConservation advice in character
260 _c1993
350 _a0
490 _aPlanning (for the Natural and Built Environment)
_v(1028) 23 July 1993, 18-20(3)
520 _aThree articles comparing DoE draft planning policy guidance with existing statements, pointing to improvements and potential problems. Notes the Department`s apparent reluctance to implement tighter planning controls.
650 _aCONSERVATION AREAS
650 _aDESIGNATION
650 _aDOE CIRCULAR 8/87
650 _aSPECIAL CHARACTER
690 _aCONSERVATION
690 _aPLANNING LAW AND PRACTICE
700 _aLarkham, P.
700 _aJohnston, B.
942 _n0
948 _c04/03/1997
999 _c43484
_d43484